Modern concepts on water resources (Record no. 1335)

000 -LEADER
fixed length control field 00600nam a22002177a 4500
001 - CONTROL NUMBER
control field 1335
003 - CONTROL NUMBER IDENTIFIER
control field BD-DhUET
008 - FIXED-LENGTH DATA ELEMENTS--GENERAL INFORMATION
fixed length control field 140903b xxu||||| |||| 00| 0 eng d
020 ## - INTERNATIONAL STANDARD BOOK NUMBER
International Standard Book Number 9848090309
040 ## - CATALOGING SOURCE
Original cataloging agency 0
Transcribing agency 0
Modifying agency BD-DhUET
082 ## - DEWEY DECIMAL CLASSIFICATION NUMBER
Classification number 628.16068095492
Item number FAI/2007
100 ## - MAIN ENTRY--PERSONAL NAME
Personal name Faisal Hossain
245 ## - TITLE STATEMENT
Title Modern concepts on water resources
Statement of responsibility, etc. by Faisal Hossain,Md. Delawer Hossain
250 ## - EDITION STATEMENT
Edition statement Ist ed.
260 ## - PUBLICATION, DISTRIBUTION, ETC. (IMPRINT)
Place of publication, distribution, etc. Dhaka
Name of publisher, distributor, etc. UGC,
Date of publication, distribution, etc. 2007
300 ## - PHYSICAL DESCRIPTION
Extent xv,222p.
504 ## - BIBLIOGRAPHY, ETC. NOTE
Bibliography, etc Includes bibliographies
650 #0 - SUBJECT ADDED ENTRY--TOPICAL TERM
Topical term or geographic name as entry element Water resources management
Geographic subdivision Bangladesh
700 ## - ADDED ENTRY--PERSONAL NAME
Personal name Delawer Hossain, Md.
942 ## - ADDED ENTRY ELEMENTS (KOHA)
Koha item type General Book
Holdings
Piece designation (barcode) Koha date last seen Koha full call number Copy number Source of classification or shelving scheme Date acquired Koha item type Not for loan Sublocation or collection (holding branch) Price effective from Lost status Shelving location Damaged status Koha normalized classification for sorting Location (home branch) Withdrawn status
1035002014-09-03628.16068095492/FAI/20071 2014-09-03General Book Central Library, BUET2014-09-03 Circulation section 628_160680954920000_FAI_2007Central Library, BUET 
1035012014-09-03628.16068095492/FAI/20072 2014-09-03General Book Central Library, BUET2014-09-03 Circulation section 628_160680954920000_FAI_2007Central Library, BUET 
1035022014-09-03628.16068095492/FAI/20073 2014-09-03General Book Central Library, BUET2014-09-03 Circulation section 628_160680954920000_FAI_2007Central Library, BUET 
1035032014-09-03628.16068095492/FAI/20074 2014-09-03General Book Central Library, BUET2014-09-03 Circulation section 628_160680954920000_FAI_2007Central Library, BUET 
1035042014-09-03628.16068095492/FAI/20075 2014-09-03General Book Central Library, BUET2014-09-03 Circulation section 628_160680954920000_FAI_2007Central Library, BUET 
1035052014-09-03628.16068095492/FAI/20076 2014-09-03General Book Central Library, BUET2014-09-03 Circulation section 628_160680954920000_FAI_2007Central Library, BUET 
1035062014-09-03628.16068095492/FAI/20077 2014-09-03General Book Central Library, BUET2014-09-03 Circulation section 628_000000000000000_1606809549Central Library, BUET 
1035072014-09-03628.16068095492/FAI/20078 2014-09-03General Book Central Library, BUET2014-09-03 Circulation section 628_000000000000000_1606809549Central Library, BUET 
1035082014-09-03628.16068095492/FAI/20079 2014-09-03General Book Central Library, BUET2014-09-03 Circulation section 628_160680954920000_FAI_2007Central Library, BUET 
1035092014-09-03628.16068095492/FAI/200710 2014-09-03General Book Central Library, BUET2014-09-03 Circulation section 628_000000000000000_1606809549Central Library, BUET 
1142422016-07-26628.16068095492/FAI/200711 2016-07-26General Book Central Library, BUET2016-07-26 Circulation section 628_160680954920000_FAI_2007Central Library, BUET 
1142432016-07-26628.16068095492/FAI/200712 2016-07-26General Book Central Library, BUET2016-07-26 Circulation section 628_160680954920000_FAI_2007Central Library, BUET